The fundamental rules of the Tamil Nadu government (Record no. 499704)

000 -LEADER
fixed length control field 00364cam a22001097a 4500
008 - FIXED-LENGTH DATA ELEMENTS--GENERAL INFORMATION
fixed length control field 180718b1976 xxu||||| |||| 00| 0 eng d
082 ## - DEWEY DECIMAL CLASSIFICATION NUMBER
Classification number K1201x5452 T152/73
245 ## - TITLE STATEMENT
Title The fundamental rules of the Tamil Nadu government
Statement of responsibility, etc. by Finance Department, Tamil Nadu
260 ## - PUBLICATION, DISTRIBUTION, ETC.
Place of publication, distribution, etc. Madras
Name of publisher, distributor, etc. Finance Department
Date of publication, distribution, etc. 1976
300 ## - PHYSICAL DESCRIPTION
Extent 527p.
700 ## - ADDED ENTRY--PERSONAL NAME
Personal name Tamil Nadu. Finance Department
Holdings
Withdrawn status Lost status Damaged status Not for loan Permanent Location Current Location Date acquired Full call number Barcode Date last seen Price effective from Koha item type
        Indian Institute of Public Administration Indian Institute of Public Administration 2018-08-04 K1201x5452 T152/73 GG16139 2018-08-04 2018-08-04 GG

Powered by Koha